00735nam a2200241 a 4500001001300000003000900013005001700022008004100039020002300080082002000103100002600123245005300149260005000202300000900252500003500261505001000296650000800306700002600314902000800340942000700348952012100355999001700476nice12345678IN_TiNIC20260116013319.0050524s2001 newa grp 000 0 eng  a8176489 c80000a324.245408bSWA aSwain, Pratap Chandra aBharatiya Janata Partyb Profile and Performance aNew DelhibA.P.H.Publishing Corporationc2001 a322p aincludes index and biblioraphy2 aindex aBJP1 aSwain, Pratap Chandra bSRS cBK 001040708StackRoom-aHMIbHMId2008-02-15g800.00l0o324.245408 SWAp019988r2008-02-15v800.00w2005-05-24yBK c10512d10512